Szlöjd-gyakorlatok rész 1. Az elemi fiú-iskola 1-3. osztályainak kézimunkái rész 2. Az elemi fiú-iskola 4.,5. és 6. osztályainak kézimunkái

Bibliographic Details
Main Author: Biró, Sándor (Author)
Format: Book
Language:Hungarian
PhysicalDescription:175 s., [4] s. obr. príl. 8°
Published: Karánsebes Biró Sándor 1910
Edition:2. bövít. és javít. kiad.

MARC

LEADER 00000nam a2200000 a 4500
001 vtls001329832
003 SK-MaSNL
005 20260301200419.0
008 240313s1910 HU 0 hun
035 |a SNK000282689 
040 |a SNK  |b slo  |c SNK  |e AACR2 
044 |a HU 
100 1 |a Biró, Sándor  |4 aut  |9 579561 
245 1 |a Szlöjd-gyakorlatok  |n rész 1.  |p Az elemi fiú-iskola 1-3. osztályainak kézimunkái  |n rész 2.  |p Az elemi fiú-iskola 4.,5. és 6. osztályainak kézimunkái  |c Biró Sándor 
250 |a 2. bövít. és javít. kiad. 
260 |a Karánsebes  |b Biró Sándor  |c 1910 
300 |a 175 s., [4] s. obr. príl.  |c 8° 
999 |c 890361  |d 892291 
952 |t P60, <04>, [BOOK], {604}  |a SNK  |b SNK  |y VYP  |7 0  |o snkIC 59929/1-2  |i snkK 459/75  |0 0  |1 0  |4 0  |d 1998-04-30  |l 0  |r 2005-01-02 00:00:00  |w 2026-02-24